[Event "Guayaquil zt 2.4"]
[Site "Guayaquil"]
[Date "2019.04.13"]
[Round "8"]
[White "Cerezo Najera, Jorge"]
[Black "Serrano Nagamine, David Antonio"]
[Result "1/2-1/2"]
[WhiteElo "1916"]
[BlackElo "2087"]
[PlyCount "92"]
[EventDate "2019.04.09"]
[EventType "swiss"]
[EventRounds "9"]
[EventCountry "ECU"]
[SourceTitle "CBM 189 Extra"]
[Source "ChessBase"]
[SourceDate "2019.05.31"]
[SourceVersion "1"]
[SourceVersionDate "2019.05.31"]
[SourceQuality "1"]

1. e4 c5 2. Nc3 g6 3. Bc4 Bg7 4. Qf3 e6 5. Nb5 d6 6. Qg3 Ke7 7. f4 d5 8. exd5 exd5 9. Qe3+ Kf8 10. Qxc5+ Qe7+ 11. Qxe7+ Nxe7 12. Bb3 Na6 13. Nf3 Bd7 14. Nbd4 Nc5 15. 0-0 Rc8 16. d3 a5 17. c3 Nxd3 18. Bc2 Nxc1 19. Raxc1 Bf6 20. Ne5 Be6 21. Ba4 Rd8 22. Nxe6+ fxe6 23. Bd7 Kg7 24. Bxe6 Rd6 25. Bg4 Rhd8 26. Nd3 Rc6 27. Ne5 Rcd6 28. Nd3 b5 29. Nc5 Ra8 30. Rfe1 Ra7 31. Re6 Rxe6 32. Nxe6+ Kf7 33. Nd8+ Ke8 34. Ne6 Kf7 35. Nd8+ Ke8 36. Ne6 Kf7 37. Re1 b4 38. Nd8+ Kg7 39. Ne6+ Kg8 40. Nd4 bxc3 41. bxc3 Rc7 42. Nb5 Rc5 43. Bd7 Kf7 44. Re3 Nf5 45. Bxf5 Rxb5 46. Be6+ Kg7 1/2-1/2

[Event "Guayaquil zt 2.4"]
[Site "Guayaquil"]
[Date "2019.04.09"]
[Round "1"]
[White "Mekhitarian, Krikor Sevag"]
[Black "Serrano Nagamine, David Antonio"]
[Result "1-0"]
[WhiteElo "2531"]
[BlackElo "2087"]
[PlyCount "93"]
[EventDate "2019.04.09"]
[EventType "swiss"]
[EventRounds "9"]
[EventCountry "ECU"]
[SourceTitle "CBM 189 Extra"]
[Source "ChessBase"]
[SourceDate "2019.05.31"]
[SourceVersion "1"]
[SourceVersionDate "2019.05.31"]
[SourceQuality "1"]

1. Nf3 c5 2. c4 g6 3. d4 cxd4 4. Nxd4 Nc6 5. e4 Nf6 6. Nc3 d6 7. Nc2 Bg7 8. Be2 0-0 9. 0-0 Nd7 10. Bd2 Nc5 11. b4 Ne6 12. Rb1 a5 13. b5 Ncd4 14. Nxd4 Nxd4 15. Bd3 b6 16. Be3 Bb7 17. Qd2 Ne6 18. Rfd1 Nc5 19. Rbc1 Rc8 20. f3 Be5 21. Bf1 Rc7 22. Nd5 Bxd5 23. cxd5 Qd7 24. Rc2 f5 25. exf5 Qxf5 26. Rc4 Qh5 27. f4 Bg7 28. g3 Rfc8 29. Qc2 Rf8 30. Kg2 Qg4 31. Be2 Qd7 32. Bf2 Rb8 33. a4 Rf8 34. Bf3 Rcc8 35. Qe2 Rce8 36. Bg4 Qb7 37. Be6+ Kh8 38. Bxc5 dxc5 39. Re4 Rd8 40. h4 Rf6 41. g4 Rdf8 42. Qe3 Qc7 43. Rf1 Rd8 44. g5 Rff8 45. h5 gxh5 46. Rh1 Qb7 47. Rxh5 1-0

[Event "Lima Surco op 4th"]
[Site "Lima"]
[Date "2017.10.28"]
[Round "4"]
[White "Serrano Nagamine, David Antonio"]
[Black "Contreras, Jose"]
[Result "1/2-1/2"]
[WhiteElo "1980"]
[BlackElo "2105"]
[PlyCount "23"]
[EventDate "2017.10.15"]
[EventType "swiss"]
[EventRounds "7"]
[EventCountry "PER"]
[SourceTitle "EXT 2019"]
[Source "ChessBase"]
[SourceDate "2018.10.10"]
[SourceVersion "1"]
[SourceVersionDate "2018.10.10"]
[SourceQuality "1"]

1. e4 c5 2. Nf3 Nc6 3. Bb5 Nf6 4. Nc3 d6 5. d4 cxd4 6. Nxd4 Bd7 7. 0-0 Nxd4 8. Bxd7+ Qxd7 9. Qxd4 g6 10. Nd5 Bg7 11. Bg5 Nh5 12. Qb4 1/2-1/2

[Event "Lima Surco op 2nd"]
[Site "Lima"]
[Date "2017.07.16"]
[Round "7"]
[White "Serrano Nagamine, David Antonio"]
[Black "Martinez Navarro, Christian Alexis"]
[Result "1-0"]
[WhiteElo "1927"]
[BlackElo "1683"]
[PlyCount "25"]
[EventDate "2017.07.08"]
[EventType "swiss"]
[EventRounds "9"]
[EventCountry "PER"]
[SourceTitle "EXT 2018"]
[Source "ChessBase"]
[SourceDate "2017.10.13"]
[SourceVersion "1"]
[SourceVersionDate "2017.10.13"]
[SourceQuality "1"]

1. b3 e6 2. Bb2 Nf6 3. Nf3 d5 4. e3 c5 5. Bb5+ Nc6 6. 0-0 Bd7 7. d3 Be7 8. Nbd2 0-0 9. e4 dxe4 10. dxe4 a6 11. Bxc6 Bxc6 12. Qe2 Qc7 13. Rad1 1-0

[Event "Lima Surco op 2nd"]
[Site "Lima"]
[Date "2017.07.09"]
[Round "4"]
[White "Pena Morales, Hugo"]
[Black "Serrano Nagamine, David Antonio"]
[Result "1/2-1/2"]
[WhiteElo "2237"]
[BlackElo "1927"]
[PlyCount "105"]
[EventDate "2017.07.08"]
[EventType "swiss"]
[EventRounds "9"]
[EventCountry "PER"]
[SourceTitle "EXT 2018"]
[Source "ChessBase"]
[SourceDate "2017.10.13"]
[SourceVersion "1"]
[SourceVersionDate "2017.10.13"]
[SourceQuality "1"]

1. d4 Nf6 2. Bg5 d5 3. Bxf6 gxf6 4. e3 c5 5. g3 Nc6 6. c3 Qb6 7. Qd2 Bf5 8. Bg2 0-0-0 9. Ne2 e5 10. 0-0 h5 11. h4 Bh6 12. Rd1 Be4 13. Na3 Bxg2 14. Kxg2 Kb8 15. Nc2 Rhg8 16. Qd3 cxd4 17. cxd4 e4 18. Qb3 Qc7 19. Nb4 Nxb4 20. Qxb4 Qd7 21. Kh2 Qg4 22. Rd2 Bf8 23. Qb3 Bd6 24. Nf4 Bxf4 25. exf4 Rc8 26. Re1 Rc4 27. Qb5 Qe6 28. b3 Rc3 29. Qe2 Qf5 30. Rc2 Rxc2 31. Qxc2 Rc8 32. Qd2 Qg4 33. Re3 a6 34. Kg2 Rc6 35. Rc3 Rxc3 36. Qxc3 Qe2 37. a4 a5 38. Kg1 Qd1+ 39. Kh2 Qf1 40. Qe3 f5 41. Qd2 b6 42. Qe3 Kb7 43. Qd2 Qd3 44. Qe3 Qf1 45. Qd2 Qb1 46. Qe3 Qf1 47. Qd2 Kc7 48. Qe3 Kd7 49. Qd2 Qd3 50. Qe3 b5 51. Kg2 Qxe3 52. fxe3 bxa4 53. bxa4 1/2-1/2

[Event "PER-ch"]
[Site "Lima"]
[Date "2015.05.03"]
[Round "7"]
[White "Serrano Nagamine, David Antonio"]
[Black "Fernandez Sanchez, Fernando Miguel"]
[Result "0-1"]
[WhiteElo "1927"]
[BlackElo "2337"]
[PlyCount "90"]
[EventDate "2015.04.30"]
[EventType "swiss"]
[EventRounds "8"]
[EventCountry "PER"]
[SourceTitle "CBM 166 Extra"]
[Source "ChessBase"]
[SourceDate "2015.06.18"]
[SourceVersion "1"]
[SourceVersionDate "2015.06.18"]
[SourceQuality "1"]

1. b3 d5 2. Bb2 Bg4 3. f3 Bh5 4. e3 e6 5. Be2 Nf6 6. f4 Bg6 7. Nf3 h6 8. 0-0 Nbd7 9. Nc3 Bc5 10. Nb5 a6 11. Nbd4 Qe7 12. Ne1 0-0 13. Nd3 Bxd3 14. Bxd3 Ba3 15. Bc3 c5 16. Nf3 d4 17. exd4 Nd5 18. dxc5 Nxc3 19. dxc3 Qxc5+ 20. Kh1 Bb2 21. b4 Qc7 22. Rb1 Bxc3 23. f5 e5 24. Nd2 Bxd2 25. Qxd2 Nf6 26. c4 Rad8 27. Qe3 Rd4 28. Be2 Rfd8 29. h3 Re4 30. Qf3 Rd2 31. Rbe1 Rxa2 32. Bd3 Rxe1 33. Rxe1 Qd6 34. c5 Qd4 35. Bb1 Qxb4 36. Bxa2 Qxe1+ 37. Kh2 Qb4 38. c6 e4 39. Qd1 bxc6 40. Qd8+ Qf8 41. Qc7 Qe8 42. Bc4 e3 43. Be2 Nd5 44. Qg3 a5 45. f6 Nxf6 0-1

[Event "PER-ch"]
[Site "Lima"]
[Date "2015.05.01"]
[Round "4"]
[White "Flores Tomasto, Luis"]
[Black "Serrano Nagamine, David Antonio"]
[Result "0-1"]
[WhiteElo "1534"]
[BlackElo "1927"]
[PlyCount "46"]
[EventDate "2015.04.30"]
[EventType "swiss"]
[EventRounds "8"]
[EventCountry "PER"]
[SourceTitle "CBM 166 Extra"]
[Source "ChessBase"]
[SourceDate "2015.06.18"]
[SourceVersion "1"]
[SourceVersionDate "2015.06.18"]
[SourceQuality "1"]

1. Nf3 Nf6 2. g3 g6 3. Bg2 Bg7 4. 0-0 0-0 5. d4 c5 6. c4 Nc6 7. d5 Na5 8. Qc2 d6 9. Re1 Rb8 10. e4 e6 11. a4 exd5 12. cxd5 Re8 13. Na3 a6 14. Bd2 Bd7 15. Bxa5 Qxa5 16. Nc4 Qc7 17. a5 Bb5 18. e5 dxe5 19. d6 Qd8 20. Nfxe5 Nd7 21. Nxd7 Qxd7 22. Rxe8+ Rxe8 23. Rd1 Bd4 0-1

[Event "PER-ch"]
[Site "Lima"]
[Date "2015.05.01"]
[Round "3"]
[White "Serrano Nagamine, David Antonio"]
[Black "Gutierrez, Franco"]
[Result "1/2-1/2"]
[WhiteElo "1927"]
[BlackElo "1569"]
[PlyCount "28"]
[EventDate "2015.04.30"]
[EventType "swiss"]
[EventRounds "8"]
[EventCountry "PER"]
[SourceTitle "CBM 166 Extra"]
[Source "ChessBase"]
[SourceDate "2015.06.18"]
[SourceVersion "1"]
[SourceVersionDate "2015.06.18"]
[SourceQuality "1"]

1. b3 Nf6 2. Bb2 d5 3. e3 b6 4. c4 e6 5. Nf3 Be7 6. cxd5 exd5 7. Be2 0-0 8. 0-0 Nbd7 9. Nd4 c5 10. Nc6 Qe8 11. Nxe7+ Qxe7 12. d4 Bb7 13. Nc3 Rfd8 14. Rc1 Rac8 1/2-1/2

[Event "Lima Four C Chess"]
[Site "Lima"]
[Date "2014.06.29"]
[Round "8.5"]
[White "Rojas Salas, Steven Javier"]
[Black "Serrano Nagamine, David Antonio"]
[Result "1-0"]
[WhiteElo "1589"]
[BlackElo "1967"]
[PlyCount "43"]
[EventDate "2014.06.24"]
[EventType "tourn"]
[EventRounds "11"]
[EventCountry "PER"]
[SourceTitle "EXT 2024"]
[Source "ChessBase"]
[SourceDate "2023.10.10"]
[SourceVersion "1"]
[SourceVersionDate "2023.10.10"]
[SourceQuality "1"]

1. d4 Nf6 2. g3 g6 3. Bg2 Bg7 4. Nf3 0-0 5. 0-0 d6 6. c4 Nc6 7. Nc3 e5 8. dxe5 Nxe5 9. Nxe5 dxe5 10. Bg5 Qxd1 11. Rfxd1 Be6 12. Nd5 Nxd5 13. cxd5 Bd7 14. Rac1 Rac8 15. d6 cxd6 16. Bxb7 Rxc1 17. Rxc1 Rb8 18. Bc6 Bxc6 19. Rxc6 Rxb2 20. Rc8+ Bf8 21. Bh6 Rb1+ 22. Kg2 1-0

[Event "Lima Four C Chess"]
[Site "Lima"]
[Date "2014.06.26"]
[Round "3.5"]
[White "Serrano Nagamine, David Antonio"]
[Black "Cosme Contreras, Trilce"]
[Result "0-1"]
[WhiteElo "1967"]
[BlackElo "1660"]
[PlyCount "68"]
[EventDate "2014.06.24"]
[EventType "tourn"]
[EventRounds "11"]
[EventCountry "PER"]
[SourceTitle "EXT 2024"]
[Source "ChessBase"]
[SourceDate "2023.10.10"]
[SourceVersion "1"]
[SourceVersionDate "2023.10.10"]
[SourceQuality "1"]

1. b3 d5 2. Bb2 e6 3. e3 Nf6 4. Nf3 Bc5 5. Be2 0-0 6. 0-0 Nc6 7. Nc3 Bd7 8. d3 Ne8 9. Qd2 f5 10. d4 Bd6 11. Rfe1 g5 12. g3 g4 13. Nh4 Be7 14. Ng2 h5 15. Nf4 h4 16. Bf1 hxg3 17. hxg3 Kg7 18. Bg2 Rh8 19. Nce2 Nf6 20. c4 Bb4 21. Nc3 Ne4 22. Bxe4 fxe4 23. Kg2 Rh6 24. a3 Bxc3 25. Bxc3 dxc4 26. bxc4 Qe7 27. Reb1 Rah8 28. d5+ Kf7 29. dxc6 Rh2+ 30. Kf1 Bxc6 31. c5 a6 32. Ke2 Rh1 33. Rxh1 Bb5+ 34. Ke1 Rxh1# 0-1

[Event "Lima IPD Cup"]
[Site "Lima"]
[Date "2013.01.26"]
[Round "8"]
[White "Fernandez Sanchez, Fernando Miguel"]
[Black "Serrano Nagamine, David Antonio"]
[Result "1-0"]
[WhiteElo "2231"]
[BlackElo "2065"]
[PlyCount "35"]
[EventDate "2013.01.22"]
[EventType "swiss"]
[EventRounds "9"]
[EventCountry "PER"]
[SourceTitle "CBM 152 Extra"]
[Source "ChessBase"]
[SourceDate "2013.02.25"]
[SourceVersion "1"]
[SourceVersionDate "2013.02.25"]
[SourceQuality "1"]

1. Nf3 Nf6 2. c4 c5 3. Nc3 Nc6 4. d4 g6 5. g3 Bg7 6. Bg2 0-0 7. 0-0 b6 8. dxc5 bxc5 9. Ne5 Nxe5 10. Bxa8 Nxc4 11. Bg2 Ba6 12. Qc2 d5 13. Rd1 Nb6 14. a4 e6 15. b3 Ng4 16. Bb2 Qf6 17. e3 Nd7 18. Nxd5 1-0

[Event "Lima IPD Cup"]
[Site "Lima"]
[Date "2013.01.26"]
[Round "7"]
[White "Serrano Nagamine, David Antonio"]
[Black "Palacios, Efrain"]
[Result "0-1"]
[WhiteElo "2065"]
[BlackElo "2157"]
[PlyCount "72"]
[EventDate "2013.01.22"]
[EventType "swiss"]
[EventRounds "9"]
[EventCountry "PER"]
[SourceTitle "CBM 152 Extra"]
[Source "ChessBase"]
[SourceDate "2013.02.25"]
[SourceVersion "1"]
[SourceVersionDate "2013.02.25"]
[SourceQuality "1"]

1. b3 d5 2. Bb2 c5 3. e3 Nc6 4. Bb5 Qc7 5. Nf3 a6 6. Be2 e5 7. 0-0 Nf6 8. Ne1 Bd6 9. f3 Be6 10. c4 d4 11. e4 h5 12. g3 h4 13. Ng2 g5 14. g4 h3 15. Ne1 Nd7 16. Nd3 Nf8 17. Na3 Ng6 18. Kh1 Nf4 19. Nxf4 exf4 20. Nc2 Ne5 21. Ne1 Qc6 22. Nd3 Ng6 23. Rc1 a5 24. a4 f6 25. Ba3 b6 26. Nf2 Kf7 27. d3 Nh4 28. Rg1 Ng2 29. Rb1 Rh4 30. Qd2 Ne3 31. Bc1 Bc7 32. Ba3 Qd6 33. Bd1 Rah8 34. Rb2 Bd7 35. Ra2 Qe7 36. Rb2 Bc6 0-1

[Event "Lima GP IRT op"]
[Site "Lima"]
[Date "2013.??.??"]
[Round "3"]
[White "Requejo Cotrina, Oswaldo Valentin"]
[Black "Serrano Nagamine, David Antonio"]
[Result "1-0"]
[WhiteElo "2314"]
[BlackElo "2039"]
[PlyCount "116"]
[EventDate "2013.08.21"]
[EventType "swiss"]
[EventRounds "9"]
[EventCountry "PER"]
[SourceTitle "CBM 156 Extra"]
[Source "ChessBase"]
[SourceDate "2013.10.22"]
[SourceVersion "1"]
[SourceVersionDate "2013.10.22"]
[SourceQuality "1"]

1. e4 Nf6 2. e5 Nd5 3. c4 Nb6 4. d4 d6 5. f4 g6 6. Nc3 Bg7 7. Be3 Be6 8. Nf3 0-0 9. d5 Bg4 10. h3 Bxf3 11. Qxf3 dxe5 12. 0-0-0 N8d7 13. f5 Qc8 14. g4 Rd8 15. Be2 c6 16. fxg6 hxg6 17. Rhf1 f6 18. dxc6 Qxc6 19. c5 e4 20. Qxe4 Qxe4 21. Nxe4 Na4 22. Rxd7 Rxd7 23. Bb5 Nxc5 24. Nxc5 Rc7 25. Kb1 e5 26. Bd3 Kf7 27. Be4 Rb8 28. Bd5+ Ke8 29. Ne4 Rd8 30. Bb3 Rd3 31. Re1 b6 32. Bc2 Rd8 33. Rf1 Kf7 34. Ng5+ Ke7 35. Nf3 Rh8 36. h4 Rxc2 37. Kxc2 e4 38. Nd2 Rxh4 39. Rf4 f5 40. gxf5 Rxf4 41. Bxf4 gxf5 42. b3 Ke6 43. Bb8 a6 44. Ba7 b5 45. Kd1 Kd5 46. Bb6 f4 47. Ke2 f3+ 48. Kd1 Bd4 49. Bc7 Bc5 50. Bf4 Kd4 51. Kc2 e3 52. Nxf3+ Ke4 53. Ne1 a5 54. Nd3 Bb6 55. a3 Bd8 56. Bg3 a4 57. b4 Bf6 58. Be1 Kd5 1-0

[Event "Lima IRT"]
[Site "Lima"]
[Date "2013.??.??"]
[Round "9"]
[White "Serrano Nagamine, David Antonio"]
[Black "Cuellar, Ulises"]
[Result "1-0"]
[WhiteElo "2043"]
[BlackElo "2022"]
[PlyCount "81"]
[EventDate "2013.10.13"]
[EventType "tourn"]
[EventRounds "11"]
[EventCountry "PER"]
[SourceTitle "EXT 2014"]
[Source "ChessBase"]
[SourceDate "2013.11.20"]
[SourceVersion "1"]
[SourceVersionDate "2013.11.20"]
[SourceQuality "1"]

1. b3 e5 2. Bb2 Nc6 3. e3 Nf6 4. Bb5 Bd6 5. Ne2 0-0 6. 0-0 a6 7. Bxc6 dxc6 8. d3 Ng4 9. h3 Nh6 10. Nd2 f5 11. Nc4 f4 12. Nxd6 cxd6 13. exf4 exf4 14. Nd4 c5 15. Nf3 b6 16. d4 Bf5 17. Re1 Qf6 18. c4 Rae8 19. Qd2 Qg6 20. Rxe8 Rxe8 21. Re1 Rxe1+ 22. Nxe1 Bxh3 23. dxc5 bxc5 24. Qxf4 Qb1 25. Qc1 Bf5 26. Qc3 Kf7 27. Qxg7+ Ke8 28. Qc3 Qxa2 29. Qe3+ Kd7 30. Bf6 Ng4 31. Qe7+ Kc6 32. Qe8+ Kc7 33. Bd8+ Kb8 34. Bh4+ Bc8 35. Bg3 Qd2 36. Qe7 Ne5 37. Kf1 Qd4 38. f3 Bb7 39. Bf2 Qf4 40. Qxd6+ Kc8 41. Qxc5+ 1-0

[Event "Lima GP IRT op"]
[Site "Lima"]
[Date "2013.??.??"]
[Round "8"]
[White "Serrano Nagamine, David Antonio"]
[Black "Robledo, Manuel"]
[Result "1-0"]
[WhiteElo "2039"]
[BlackElo "2246"]
[PlyCount "111"]
[EventDate "2013.08.21"]
[EventType "swiss"]
[EventRounds "9"]
[EventCountry "PER"]
[SourceTitle "CBM 156 Extra"]
[Source "ChessBase"]
[SourceDate "2013.10.22"]
[SourceVersion "1"]
[SourceVersionDate "2013.10.22"]
[SourceQuality "1"]

1. b3 Nf6 2. Bb2 d6 3. e3 g6 4. Bxf6 exf6 5. c4 Bg7 6. Nc3 f5 7. g3 0-0 8. Bg2 c6 9. Nge2 Nd7 10. 0-0 Re8 11. b4 Ne5 12. d3 a6 13. Rb1 Be6 14. a4 Qc7 15. Qd2 Nd7 16. Rfc1 Ne5 17. Rc2 h5 18. h4 Ng4 19. Nd5 Qd8 20. Ndf4 Bd7 21. b5 axb5 22. axb5 Qc7 23. c5 d5 24. bxc6 bxc6 25. d4 Nf6 26. Rcb2 Bc8 27. Qb4 Ba6 28. Qb6 Qc8 29. Bf3 Ne4 30. Bxe4 fxe4 31. Ra2 Bc4 32. Rxa8 Qxa8 33. Qb7 Bf6 34. Nc3 Rd8 35. Qxa8 Rxa8 36. Rb6 Rc8 37. Rb4 Re8 38. Rb6 Rc8 39. Rb4 Ba6 40. Rb6 Bc4 41. Rb4 Re8 42. Rb6 Rc8 43. Rb4 Bd8 44. Nxe4 Ra8 45. Nd6 Ba6 46. Ra4 Bb7 47. Nxb7 Rxa4 48. Nxd8 Ra6 49. Nd3 Kf8 50. Nb4 Ra1+ 51. Kg2 Ke7 52. Ndxc6+ Ke6 53. Nd3 f6 54. Nf4+ Kf5 55. f3 Ra2+ 56. Kh3 1-0

[Event "Lima Colegio de Ingenieros Consejo 4th"]
[Site "Lima"]
[Date "2012.08.24"]
[Round "5.5"]
[White "Serrano Nagamine, David Antonio"]
[Black "Garcia, Julio1"]
[Result "1-0"]
[WhiteElo "2087"]
[BlackElo "1958"]
[PlyCount "79"]
[EventDate "2012.08.20"]
[EventType "swiss"]
[EventRounds "9"]
[EventCountry "PER"]
[SourceTitle "EXT 2024"]
[Source "ChessBase"]
[SourceDate "2023.10.10"]
[SourceVersion "1"]
[SourceVersionDate "2023.10.10"]
[SourceQuality "1"]

1. b3 Nf6 2. Bb2 d5 3. g3 Nc6 4. Nf3 Bf5 5. Bg2 e6 6. 0-0 Bd6 7. c4 dxc4 8. bxc4 0-0 9. Nc3 h6 10. d3 Rb8 11. Rb1 a6 12. Ba1 Bc5 13. Qa4 Qd6 14. Nd2 Nd8 15. Nb3 Nd7 16. Nxc5 Nxc5 17. Qa3 Nc6 18. Na4 Nxa4 19. Qxa4 Nd4 20. Bxd4 Qxd4 21. Bxb7 Rxb7 22. Rxb7 Bh3 23. Rfb1 f5 24. Rxc7 Rd8 25. Qxa6 f4 26. Qb6 Qf6 27. Qb2 e5 28. Qb6 Qg5 29. Qc5 fxg3 30. hxg3 Re8 31. Qe3 Qxe3 32. fxe3 Re6 33. Rbb7 Rg6 34. Kf2 Rf6+ 35. Ke1 Rg6 36. a4 Rxg3 37. a5 Bg2 38. e4 h5 39. Kf2 h4 40. Rxg7+ 1-0

[Event "Lima Colegio de Ingenieros Consejo 4th"]
[Site "Lima"]
[Date "2012.08.20"]
[Round "1.3"]
[White "Serrano Nagamine, David Antonio"]
[Black "Rojas Salas, Steven Javier"]
[Result "0-1"]
[WhiteElo "2087"]
[BlackElo "1529"]
[PlyCount "94"]
[EventDate "2012.08.20"]
[EventType "swiss"]
[EventRounds "9"]
[EventCountry "PER"]
[SourceTitle "EXT 2024"]
[Source "ChessBase"]
[SourceDate "2023.10.10"]
[SourceVersion "1"]
[SourceVersionDate "2023.10.10"]
[SourceQuality "1"]

1. b3 e5 2. Bb2 Nc6 3. e3 d5 4. Bb5 Bd6 5. f4 Qe7 6. Nf3 f6 7. 0-0 Bg4 8. h3 Bd7 9. Nc3 Qe6 10. e4 d4 11. Nd5 exf4 12. Bc4 Qxe4 13. Re1 Qxe1+ 14. Qxe1+ Nge7 15. Nxd4 Ne5 16. Nxe7 Bxe7 17. Ne6 Bxe6 18. Bxe6 Nd7 19. Bd5 c6 20. Ba3 c5 21. Bxb7 Rb8 22. Bc6 Kd8 23. d4 Re8 24. Qe6 Nb6 25. dxc5 Bxc5+ 26. Bxc5 Rxe6 27. Rd1+ Kc7 28. Bf3 Rd8 29. Rxd8 Kxd8 30. a4 Kc7 31. a5 Nc8 32. Kf2 a6 33. c4 g6 34. Bd5 Re8 35. b4 Nd6 36. Bb6+ Kb8 37. b5 axb5 38. c5 Re5 39. Bf3 Ne4+ 40. Ke2 Nxc5+ 41. Kd2 b4 42. Be2 Nb3+ 43. Kd3 Nc1+ 44. Kc4 Rxe2 45. Kxb4 Rxg2 46. Bd4 f3 47. Kb5 f2 0-1

[Event "Lima Morales Memorial op 2nd"]
[Site "Lima"]
[Date "2012.01.22"]
[Round "4"]
[White "Serrano Nagamine, David Antonio"]
[Black "Mieses, Bruce"]
[Result "1-0"]
[WhiteElo "2087"]
[BlackElo "1772"]
[PlyCount "79"]
[EventDate "2012.01.21"]
[EventType "swiss"]
[EventRounds "9"]
[EventCountry "PER"]
[SourceTitle "EXT 2014"]
[Source "ChessBase"]
[SourceDate "2013.11.20"]
[SourceVersion "1"]
[SourceVersionDate "2013.11.20"]
[SourceQuality "1"]

1. b3 Nf6 2. Bb2 g6 3. Bxf6 exf6 4. c4 d6 5. Nc3 Bg7 6. g3 0-0 7. Bg2 Re8 8. Nh3 Nc6 9. 0-0 Qe7 10. Nf4 Nd4 11. e3 Ne6 12. Nfd5 Qd8 13. Rc1 a5 14. Ne2 c6 15. Ndc3 Nc7 16. d4 Bg4 17. h3 Bxe2 18. Qxe2 f5 19. Qd2 Qf6 20. a3 g5 21. Rfd1 Re7 22. b4 axb4 23. axb4 Rae8 24. b5 f4 25. exf4 gxf4 26. Qxf4 Qxf4 27. gxf4 cxb5 28. cxb5 Ne6 29. Nd5 Rd7 30. f5 Nxd4 31. f6 Bh6 32. Rc7 Rxc7 33. Nxc7 Rc8 34. Rxd4 Rxc7 35. Rxd6 Bf8 36. Rd8 Rc5 37. Bd5 Rxb5 38. Rd7 Rb6 39. Rxf7 Bc5 40. Rg7+ 1-0

[Event "Lima Ingenieros CC op 1st"]
[Site "Lima"]
[Date "2012.??.??"]
[Round "5"]
[White "Serrano Nagamine, David Antonio"]
[Black "Quispe, Cesar"]
[Result "1-0"]
[WhiteElo "2087"]
[BlackElo "1753"]
[PlyCount "93"]
[EventDate "2012.04.12"]
[EventType "swiss"]
[EventRounds "7"]
[EventCountry "PER"]
[SourceTitle "EXT 2013"]
[Source "ChessBase"]
[SourceDate "2012.11.22"]
[SourceVersion "1"]
[SourceVersionDate "2012.11.22"]
[SourceQuality "1"]

1. b3 e5 2. Bb2 Nc6 3. Nf3 d6 4. d4 exd4 5. Nxd4 Be7 6. Nxc6 bxc6 7. e3 Nf6 8. Be2 0-0 9. 0-0 d5 10. c4 Be6 11. Qc2 Rb8 12. Rd1 Qc8 13. cxd5 cxd5 14. Nc3 c6 15. Rac1 Bg4 16. e4 Rd8 17. e5 Ne8 18. Rd4 Be6 19. Bd3 g6 20. Ra4 Qd7 21. Ne2 c5 22. Nf4 Ng7 23. Nxe6 Nxe6 24. Rd1 Qc7 25. Rg4 d4 26. Re1 Qa5 27. Ra1 Qb6 28. h4 Ng7 29. Bc4 Kf8 30. Re1 h5 31. Rf4 d3 32. Rxf7+ Ke8 33. Rxe7+ Kxe7 34. Bxd3 Rd5 35. Be4 Rd7 36. e6 Nxe6 37. Bxg6 Rbd8 38. Qf5 Rc8 39. Qg5+ Kd6 40. Be5+ Kc6 41. Be4+ Kb5 42. Qc1 Qa5 43. Qc4+ Kb6 44. b4 Qxb4 45. Qxe6+ Ka5 46. Re3 Rd1+ 47. Kh2 1-0